Szentágothai János professzor

Elmentve itt :
Bibliográfiai részletek
Szerző: ÁGOSTON Hugó
Adatforrás:Meister
Forrásdokumentuma:A Hét. -
39 sz., 1994, 13 p.
Nyelv:magyar
Kulcsszavak:in memoriam
SZENTÁGOTHAI János
LEADER 00353nab a2200133 i 4500
001 bibPRO00005726
008 060524s1994 xx hun
040 |a Sz1 
041 |a hun 
100 1 |a ÁGOSTON Hugó 
245 1 0 |a Szentágothai János professzor  |c ÁGOSTON Hugó 
695 |a in memoriam 
695 |a SZENTÁGOTHAI János 
773 0 |t A Hét. -  |g 39 sz., 1994, 13 p.